000 00334nam a22001577a 4500
003 SGT
020 _a978-93-85891-59-5
082 _a618
_bG16D
100 _aDUTTA, DC
245 _aTEXTBOOK OF GYNECOLOGY
250 _a7TH
260 _aNEW DELHI
_bJAYPEE PUB
_c2016
300 _a574
650 _aAYURVEDA
942 _2ddc
_cBK
_010
999 _c11334
_d11334